| 000 | 00620nam a2200169 a 4500 | ||
|---|---|---|---|
| 001 | 000040782 | ||
| 005 | 20201002034356.0 | ||
| 008 | 130906s2011 sp 000 0 spa d | ||
| 020 | _a9788499820699 | ||
| 245 | 0 | 3 |
_aEl retorno a la sociedad civil : _bdemocracia, ciudadanía y pluralismo en el siglo XXI / _ccoordinadores Nuria Belloso Martín, Alfonso de Julios Campuzano. |
| 260 |
_aMadrid : _bDykinson, _c2011. |
||
| 300 |
_a304 p. ; _c23 cm. |
||
| 504 | _abibliografía : p. 235 -237 | ||
| 700 | 1 |
_aBelloso Martín, Nuria., _ecoor. _967196 |
|
| 700 | 1 |
_aJulios-Campuzano, Alfonso de _ecoor. _967197 |
|
| 999 |
_c40272 _d40272 |
||
| 040 | _aDO-SdBNP | ||